<?xml version="1.0" encoding="UTF-8"?>
<record
    xmlns:xsi="http://www.w3.org/2001/XMLSchema-instance"
    xsi:schemaLocation="http://www.loc.gov/MARC21/slim http://www.loc.gov/standards/marcxml/schema/MARC21slim.xsd"
    xmlns="http://www.loc.gov/MARC21/slim">

  <leader>01012    a2200169   4500</leader>
  <controlfield tag="003">Nust</controlfield>
  <controlfield tag="005">20230131142142.0</controlfield>
  <datafield tag="040" ind1=" " ind2=" ">
    <subfield code="c">Nust</subfield>
  </datafield>
  <datafield tag="082" ind1=" " ind2=" ">
    <subfield code="a">940.546,GIB</subfield>
  </datafield>
  <datafield tag="100" ind1=" " ind2=" ">
    <subfield code="a">Gibbs, Phlip</subfield>
    <subfield code="9">108265</subfield>
  </datafield>
  <datafield tag="245" ind1=" " ind2=" ">
    <subfield code="a">Since Then /</subfield>
    <subfield code="c">Philip Gibbs</subfield>
  </datafield>
  <datafield tag="260" ind1=" " ind2=" ">
    <subfield code="a">London</subfield>
    <subfield code="b">William Heinemann Ltd</subfield>
  </datafield>
  <datafield tag="300" ind1=" " ind2=" ">
    <subfield code="a">414:p</subfield>
  </datafield>
  <datafield tag="505" ind1=" " ind2=" ">
    <subfield code="a">The Great Reprieve (Page-1), The German Revolution (Page-8), The Advance to the Rhine (Page-16), The Peace Treaties (Page-24), The White Armies (Page-46), The Mutilation of Hungary (Page-74), The Greek Tragedy (Page-94), The Fascist Regime (Page-117), The Revival of Germany (Page-137), The Future of Austria (Page-172), The Regeneration of Poland (Page-178), The Leadership of France (Page-197), The State of England (Page-224), America After the War (Page-261), The Record of the League (Page-305), The Restless Races (Page-314), The Martyrdom of Russia (Page-329), The Unveiling of Woman (Page-366), The post War Mind (Page-386).     </subfield>
  </datafield>
  <datafield tag="650" ind1=" " ind2=" ">
    <subfield code="a">World war</subfield>
    <subfield code="9">108266</subfield>
  </datafield>
  <datafield tag="942" ind1=" " ind2=" ">
    <subfield code="2">ddc</subfield>
    <subfield code="c">BK</subfield>
  </datafield>
  <datafield tag="999" ind1=" " ind2=" ">
    <subfield code="c">187207</subfield>
    <subfield code="d">187207</subfield>
  </datafield>
  <datafield tag="952" ind1=" " ind2=" ">
    <subfield code="0">0</subfield>
    <subfield code="1">0</subfield>
    <subfield code="2">ddc</subfield>
    <subfield code="4">0</subfield>
    <subfield code="7">0</subfield>
    <subfield code="a">MCS</subfield>
    <subfield code="b">MCS</subfield>
    <subfield code="c">GEN</subfield>
    <subfield code="d">2016-12-12</subfield>
    <subfield code="j">4</subfield>
    <subfield code="o">940.546,GIB</subfield>
    <subfield code="p">MCS29484</subfield>
    <subfield code="r">2016-12-08</subfield>
    <subfield code="w">2016-12-12</subfield>
    <subfield code="y">BK</subfield>
    <subfield code="z">Almirah No.60, Shelf No.3</subfield>
  </datafield>
</record>
